000
00313 a2200109 4500
001
ART_42195
005
20260410161806.0
008
260409a
245
1
0
_a
Derecho concursal
100
1
_a
Truffat, Edgardo Daniel
773
0
_t
Doctrina Societaria y Concursal
_g
- NÂș 297 (ago. 2012)
_w
REV4298
999
_c
21039
_d
21039